000 01229cam a2200229 4500
001 WB4018-10
008 040513n2004 000 0 eng u
035 _a(Sirsi) u126181
245 _aGuide aims for access for all
260 _c2004
490 _aPlanning (for the Natural and Built Environment)
_v(1568) 7 May 2004, 4(1)
520 _aThe Greater London Authority has published a guide to promote access to the built environment for disabled people in London. The guide, "Accessible London: achieving an inclusive environment" is the first Supplementary Planning Guidance to the London Plan. It provides detail on the policies in the London Plan which promote inclusive design and access to the built environment for disabled people, including policies on accessible housing. The guide is available on the Greater London Assembly website, http://www.london.gov.uk/mayor/strategies/sds/acce ssible_london.jsp.
590 _aWB
590 _aWB
650 _aLONDON
650 _aMANAGEMENT-BUSINESS MANAGEMENT-DISCRIMINATION-DISABILITY DISCRIMINATION-ACCESSIBILITY
650 _aBUILT ENVIRONMENT
650 _aACCESSIBLE HOUSING
650 _aPLANNING GUIDANCE
690 _aPLANNING-PRACTICE
942 _n0
999 _c117344
_d117344